000
00281nam a22001217a 4500
999
_c
67109
_d
67106
082
_a
HIB
100
_a
Hibbler, R.C
245
_a
Engineering Mechanics Static & Dynamic
250
_a
7th Edition
260
_a
Delhi
_b
Delhi institute of Technology
300
_a
838p
942
_c
BK